000 00435nam a22001457a 4500
003 OSt
005 20251029055819.0
008 251029b |||||||| |||| 00| 0 eng d
020 _a9780671622480
040 _cSIMON AND SCHUSTER, Inc
050 _aBF 637 .B64
245 _aPEOPLE SKILLS
_bHOW TO ASSERT YOURSELF, LISTEN TO OTHERS, AND RESOLVE COFLICTS
_cSIMON &SCHUSTER
260 _aNEW YORK
_bSIMON &SCHUSTER
_c1986
942 _2lcc
_cBK
_n0
999 _c9712
_d9712